| 000 | 00379cam a2200157ua 4500 | ||
|---|---|---|---|
| 041 |
_aeng _h |
||
| 082 |
_a823.308 _bBRO/SH |
||
| 100 | _aBronte, Charlotte . | ||
| 245 |
_aShirley / _cCharlotte Bronte. _hTextual Documents |
||
| 250 |
_a1 / _b. |
||
| 260 |
_aLondon : _bJ M Dent and Sons Ltd , _c1962. |
||
| 300 | _a528 ; . | ||
| 504 | _a | ||
| 942 | _cBK | ||
| 999 |
_c6911 _d6911 |
||